Non-overworld biomes - Minecraft - Statistics

General Stats
  • This quiz has been taken 12 times
  • The average score is 5 of 10
Answer Stats
Answer % Correct
Basalt delta
70%
Crimson forest
70%
Nether wastes
70%
Soul sand valley
70%
Warped forest
70%
End highlands
40%
End barrens
30%
End midlands
30%
Small end islands
20%
End main island
10%
No matching quizzes found
Score Distribution
Percent of People with Each Score
Percentile by Number Answered
Your Score History
You have not taken this quiz